000 02231cam a22004218i 4500
001 22550412
003 OSt
005 20231018115050.0
008 220517s2022 nyu 000 0 eng
010 _a 2022018883
020 _a9780241597576
020 _a9780811226790
_q(paperback)
020 _z9780811226806
_q(ebook)
040 _aDLC
_beng
_erda
_cDLC
041 1 _aeng
_hpor
042 _apcc
050 0 0 _aPQ9697.L585
_bA2 2022
082 0 0 _a869.242
_bLIS/T
100 1 _aLispector, Clarice
_eauthor.
_99683
240 1 0 _aProse works.
_lEnglish
245 1 0 _aToo much of life :
_bthe complete chronicles/
_cClarice Lispector ; translated by Margaret Jull Costa and Robin Patterson ; with an afterword by Paulo Gurgel Valente.
250 _aFirst edition.
263 _a2209
264 1 _aNew York, NY :
_bNew Directions Publishing,
_c2022.
300 _a741 pages
336 _atext
_btxt
_2rdacontent
337 _aunmediated
_bn
_2rdamedia
338 _avolume
_bnc
_2rdacarrier
520 _a"The crônica, a literary genre peculiar to Brazilian newspapers, allows writers (or even soccer stars) to address a wide readership on any theme they like. Chatty, mystical, intimate, flirtatious, and revelatory, Clarice Lispector's pieces for the Saturday edition of Rio's leading paper, the Jornal do Brasil, from 1967 to 1973, take the forms of memories, essays, aphorisms, and serialized stories. Endlessly delightful, her insights make one sit up and think, whether about children or social ills or pets or society women or the business of writing or love. This new, large, and beautifully translated volume, Too Much of Life: The Complete Crônicas presents a new aspect of the great writer-at once off the cuff and spot on"--
_cProvided by publisher.
600 1 0 _aLispector, Clarice
_vTranslations into English.
655 7 _aLiterature.
_2lcgft
700 1 _aCosta, Margaret Jull,
_etranslator.
700 1 _aPatterson, Robin,
_etranslator.
700 1 _aValente, Paulo Gurgel,
_ewriter of afterword.
906 _a7
_bcbc
_corignew
_d1
_eecip
_f20
_gy-gencatlg
942 _2ddc
_cBK
_h869.242
_iLIS/T
_k869.242
_mLIS/T
999 _c42553
_d42553